00490 2200181 4500001002100000005001500021035002000036245005700056100001800113250001100131300003600142700001800178260005100196082001000247084001600257020002200273650001300295INLIS00000000000059420210403123435 a0010-04210000471 aHatta :bJejak Yang Melampaui Batas /cArif Zulkifli0 aArif Zulkifli aCet. 2 a172 hlm. :bilus. ;c16 x 23 cm0 aBagja Hidayat aJakarta :bKepustakaan Populer Gramedia,c2010 a923.2 a923.2 ARI h a978-979-91-0897-5 aBiografi